00442nam a2200145Ia 4500003000900000008004100009040003300050041000800083080001200091100001800103245007100121260007600192300001900268650000900287LK-CoDNM010623t2001 xxu||||| |||| 00| 1 eng d aLK-CoDNMdLK-CoDNMeLK-CoDNM aeng a301 HAS aHasbullah,S.H aMuslim Refugees : The Forgo People In Sri Lanka's Ethnic Conflict bThe Research And Action Forum For Social DevelopmentaNuraicholaic2001 b101p.;22 cm cm aMaps